000
00301nam a2200133Ia 4500
100
_a
Lipschutz/ Poe/A
942
_c
BK
654
_a
fortran
245
_a
T/P of Programming with FORTRAN
260
_b
Mc Graw Hill
_a
Singapore
_c
1987
082
_a
1.6424
_b
LIP/PO
300
_a
314
546
_a
ENGLISH
999
_c
30690
_d
30690